Competitive space and solar system knowledge bank / (Record no. 85077)

MARC details
000 -LEADER
fixed length control field 00792nam a22002297a 4500
005 - DATE AND TIME OF LATEST TRANSACTION
control field 20170206095051.0
010 ## - LCCN (DPL NO)
LC control number B-528974-975 ENG-110473
020 ## - INTERNATIONAL STANDARD BOOK NUMBER
International Standard Book Number 8188069515
Terms of availability 295.00
035 ## - SYSTEM CONTROL NUMBER
System control number B-528974-975
035 ## - SYSTEM CONTROL NUMBER
System control number EN-94005
037 ## - SOURCE OF ACQUISITION
Source of stock number/acquisition Janvani Parkashan/Ven
037 ## - SOURCE OF ACQUISITION
Source of stock number/acquisition DBAD/PUB
082 ## - DEWEY DECIMAL CLASSIFICATION NUMBER
Classification number 520
245 ## - TITLE STATEMENT
Title Competitive space and solar system knowledge bank /
Statement of responsibility, etc edited by Vani Mazumdar
260 ## - PUBLICATION, DISTRIBUTION, ETC. (IMPRINT)
Place of publication, distribution, etc Delhi
Name of publisher, distributor, etc Swarjya Mandir Prakashan
Date of publication, distribution, etc 2012
270 ## - ADDRESS
Address Block C-8, H.No.174, Yamuna Vihaar
City Delhi
Postal code 110053
300 ## - PHYSICAL DESCRIPTION
Extent 144p.
Dimensions 22cm(Hb)
520 ## - SUMMARY, ETC.
Summary, etc 13-14EN
700 ## - ADDED ENTRY--PERSONAL NAME
Personal name Mazumdar, Vani
942 ## - ADDED ENTRY ELEMENTS (KOHA)
Source of classification or shelving scheme Dewey Decimal Classification
Item type English Books
Classification part 520
Call number suffix COM
Holdings
Withdrawn status Lost status Not for loan Collection code Home library Current library Date acquired Source of acquisition Cost, normal purchase price Full call number Barcode Copy number Cost, replacement price Koha item type
    Not For Loan Non-fiction D.B.Act.Division D.B.Act.Division 11/07/2014 DBAD/PUB 295.00 520 COM EN-94005 1 295.00 English Books
      Non-fiction Janak Puri Janak Puri 12/06/2014 Janvani Prakashan/6177/28.10.2013/30/10.10.2013/2.12.2013 295.00 520 COM B-528975 1 295.00 English Books
      Non-fiction Patel Nagar Patel Nagar 12/06/2014 Janvani Prakashan/6177/28.10.2013/30/10.10.2013/2.12.2013 295.00 520 COM B-528974 1 295.00 English Books

© Delhi Public Library
Hit Counter
free hit counter